书目信息

书名: 十天突破英语四级写作 
作者: 新东方考试研究中心 编著
出版信息: 杭州   浙江教育出版社  2022.01
开本页数: 21cm  207页
丛书名:
单 册:
中图分类: H319 H319.36
科图分类:
主题词: 英语--ying yu--写作--水平考试--自学参考资料
电子资源:
ISBN: 978-7-5722-2794-3
000 00966nam0 22002531 450
001 0126153109
005 20241126153109.0
010    @a978-7-5722-2794-3@dCNY30.00
100    @a20220624d2022 em y0chiy0121 ea
101 @achi@aeng
102    @aCN@b330000
105    @ay z 000yy
106    @ar
200 @a十天突破英语四级写作@Ashi tian tu po ying yu si ji xie zuo@f新东方考试研究中心编著
210    @a杭州@c浙江教育出版社@d2022.01
215    @a207页@d21cm
300    @a新东方·大禹文化
330    @a本书根据最新的四级大纲要求, 对四级写作考试进行了全面系统的剖析, 从考试介绍、针对性的基础训练、科学的方法指导到阶梯式的实战演练, 层层深入, 为考生更快、更好地突破四级写作提供制胜之道。
606 @a英语@Aying yu@x写作@x水平考试@j自学参考资料
690    @aH319@v5
690    @aH319.36@v5
711 02 @a新东方考试研究中心@Axin dong fang kao shi yan jiu zhong xin@4编著
801  0 @aCN@b人天书店@c20220624
905    @aCKNYKJZYXY@b300719705-6@dH319@e289@f2
    
    十天突破英语四级写作/新东方考试研究中心编著.-杭州:浙江教育出版社,2022.01
    207页;21cm
    新东方·大禹文化
    
    ISBN 978-7-5722-2794-3:CNY30.00
    本书根据最新的四级大纲要求, 对四级写作考试进行了全面系统的剖析, 从考试介绍、针对性的基础训练、科学的方法指导到阶梯式的实战演练, 层层深入, 为考生更快、更好地突破四级写作提供制胜之道。
相关链接 在五车中查询图书 在当当中查询图书 在豆瓣中查询图书


正题名:十天突破英语四级写作     索取号:H319/289         预约/预借

序号 登录号 条形码 馆藏地/架位号 状态 备注
1 719705   300719705   柳城-3楼/17架2列2层/ [索取号:H319/289] 已借出,限还日期为2026.04.29    
2 719706   300719706   柳城-3楼/17架2列2层/ [索取号:H319/289] 在馆